[Event "Niedersachsen-chT U14"]
[Site "Verden an der Aller"]
[Date "2008.05.01"]
[Round "1.2"]
[White "Meyer, Magnus"]
[Black "Hellwig, Immo"]
[Result "1-0"]
[WhiteElo "1050"]
[BlackElo "1257"]
[PlyCount "35"]
[EventDate "2008.05.01"]
[EventType "team"]
[EventRounds "7"]
[EventCountry "GER"]
[SourceTitle "EXT 2009"]
[Source "ChessBase"]
[SourceDate "2008.11.26"]
[SourceVersion "1"]
[SourceVersionDate "2008.11.26"]
[SourceQuality "1"]

1. e4 d5 2. exd5 Qxd5 3. Nc3 Qa5 4. b4 Qxb4 5. Rb1 Qa5 6. Rb5 Qa6 7. Rb3 Qd6 8. Qf3 c6 9. Bc4 e6 10. Ba3 Qe5+ 11. Qe4 Qxe4+ 12. Nxe4 Bxa3 13. Rxa3 Bd7 14. Nf3 b6 15. 0-0 Nf6 16. Nxf6+ gxf6 17. Re1 c5 18. Bd5 1-0

[Event "Niedersachsen-ch U12"]
[Site "Rotenburg"]
[Date "2008.03.20"]
[Round "10"]
[White "Hellwig, Immo"]
[Black "Bach, Jannik"]
[Result "0-1"]
[WhiteElo "1122"]
[BlackElo "1366"]
[PlyCount "82"]
[EventDate "2008.03.15"]
[EventType "swiss"]
[EventRounds "11"]
[EventCountry "GER"]
[SourceTitle "EXT 2009"]
[Source "ChessBase"]
[SourceDate "2008.11.26"]
[SourceVersion "1"]
[SourceVersionDate "2008.11.26"]
[SourceQuality "1"]

1. e4 e5 2. d4 exd4 3. Qxd4 Nc6 4. Qe3 Nf6 5. Nc3 Bb4 6. Bd2 d6 7. Be2 Be6 8. 0-0-0 Qe7 9. Bb5 Bc5 10. Qe2 Bd7 11. Bg5 Nd4 12. Bxd7+ Qxd7 13. Qd3 0-0-0 14. Nf3 Ne6 15. Be3 Rhe8 16. Rhe1 Ng4 17. Nd4 Nxe3 18. Qxe3 Nxd4 19. Rxd4 Bxd4 20. Qxd4 Kb8 21. Qxg7 Rg8 22. Qxh7 Rxg2 23. Qh4 Rdg8 24. Nd5 Qg4 25. Qxg4 R8xg4 26. Ne3 Rg1 27. Nxg4 Rxe1+ 28. Kd2 Rxe4 29. f3 Re8 30. h3 Rh8 31. Nf2 Kc8 32. Ke3 Re8+ 33. Kd3 Kd7 34. Ng4 Rh8 35. Nf2 Ke6 36. Ne4 d5 37. Nf2 c5 38. c3 Kf5 39. a3 Kf4 40. Ke2 Re8+ 41. Kf1 Kxf3 0-1

[Event "Niedersachsen-ch U12"]
[Site "Rotenburg"]
[Date "2008.03.15"]
[Round "1"]
[White "Hellwig, Immo"]
[Black "Carmesin, Matthias"]
[Result "0-1"]
[WhiteElo "1122"]
[BlackElo "1549"]
[PlyCount "38"]
[EventDate "2008.03.15"]
[EventType "swiss"]
[EventRounds "11"]
[EventCountry "GER"]
[SourceTitle "EXT 2009"]
[Source "ChessBase"]
[SourceDate "2008.11.26"]
[SourceVersion "1"]
[SourceVersionDate "2008.11.26"]
[SourceQuality "1"]

1. e4 c5 2. Nf3 Nc6 3. d4 cxd4 4. Nxd4 g6 5. Nc3 Bg7 6. Be3 Nf6 7. f3 0-0 8. Qd2 d5 9. Nxc6 bxc6 10. 0-0-0 Be6 11. Bh6 Bxh6 12. Qxh6 Qb6 13. exd5 cxd5 14. Qd2 Rab8 15. b3 Rfc8 16. Bd3 Qc5 17. Nb1 d4 18. Rhe1 Nd5 19. c4 dxc3 0-1

[Event "GER-chT U12"]
[Site "Verden an der Aller"]
[Date "2007.12.28"]
[Round "4.3"]
[White "Hellwig, Immo"]
[Black "Xiong, Ferdinand"]
[Result "1-0"]
[WhiteElo "1084"]
[BlackElo "1489"]
[PlyCount "57"]
[EventDate "2007.12.27"]
[EventType "team-swiss"]
[EventRounds "7"]
[EventCountry "GER"]
[SourceTitle "EXT 2009"]
[Source "ChessBase"]
[SourceDate "2008.11.26"]
[SourceVersion "1"]
[SourceVersionDate "2008.11.26"]
[SourceQuality "1"]
[WhiteTeam "Wilhelmshaven U12"]
[BlackTeam "Vaterstetten SC U12"]
[WhiteTeamCountry "GER"]
[BlackTeamCountry "GER"]

1. e4 c5 2. Nf3 d6 3. d4 cxd4 4. Nxd4 Nf6 5. Nc3 g6 6. Be3 Bg7 7. f3 0-0 8. Qd2 Nc6 9. 0-0-0 Nxd4 10. Bxd4 Be6 11. Kb1 Qc7 12. h4 h5 13. g4 hxg4 14. fxg4 Bxg4 15. Be2 Bxe2 16. Qxe2 Nh5 17. Bxg7 Kxg7 18. Nd5 Qc5 19. Rhg1 Nf4 20. h5 Nxd5 21. exd5 Rac8 22. hxg6 fxg6 23. Qxe7+ Rf7 24. Qe4 Qc4 25. Qxg6+ Kf8 26. Qg8+ Ke7 27. Rde1+ Kd7 28. Qxf7+ Kd8 29. Qe7# 1-0

[Event "GER-ch U10"]
[Site "Willingen"]
[Date "2006.06.04"]
[Round "3"]
[White "Schumacher, Wendy"]
[Black "Hellwig, Immo"]
[Result "0-1"]
[WhiteElo "880"]
[BlackElo "1074"]
[PlyCount "74"]
[EventDate "2006.06.04"]
[EventType "swiss"]
[EventRounds "11"]
[EventCountry "GER"]
[SourceTitle "EXT 2007"]
[Source "ChessBase"]
[SourceDate "2006.11.23"]
[SourceVersion "1"]
[SourceVersionDate "2006.11.23"]
[SourceQuality "1"]

1. e4 d5 2. Nc3 d4 3. Na4 Bd7 4. b3 e6 5. Nf3 c5 6. d3 Nc6 7. Be2 Bd6 8. 0-0 Qc7 9. Bd2 Ne5 10. g3 Nxf3+ 11. Bxf3 0-0-0 12. Qe2 Nf6 13. Rac1 Rdg8 14. c3 e5 15. cxd4 exd4 16. Bb4 b6 17. e5 Bxa4 18. exd6 Qxd6 19. bxa4 Kb8 20. Ba3 Re8 21. Qd2 h5 22. Rc2 Re5 23. Rb2 g5 24. h3 g4 25. Bg2 h4 26. Rfb1 hxg3 27. a5 gxh3 28. Bh1 g2 29. Kh2 Re1+ 30. f4 gxh1Q+ 31. Kg3 Rxb1 32. Qh2 Nh5+ 33. Kxh3 Nxf4+ 34. Kg3 Nxd3+ 35. Kg4 Rxh2 36. Rxh2 Rg1+ 37. Kf5 Qe5# 0-1

[Event "Niedersachsen-ch U10"]
[Site "Rotenburg/Wuemme"]
[Date "2006.04.14"]
[Round "11"]
[White "Stoeppel, Niklas"]
[Black "Hellwig, Immo"]
[Result "0-1"]
[WhiteElo "822"]
[BlackElo "926"]
[PlyCount "43"]
[EventDate "2006.04.08"]
[EventType "swiss"]
[EventRounds "11"]
[EventCountry "GER"]
[SourceTitle "EXT 2007"]
[Source "ChessBase"]
[SourceDate "2006.11.23"]
[SourceVersion "1"]
[SourceVersionDate "2006.11.23"]
[SourceQuality "1"]

1. c4 e6 2. Nc3 d5 3. cxd5 exd5 4. g3 c6 5. Bg2 f5 6. e3 Nf6 7. Nge2 Nbd7 8. 0-0 Be7 9. b3 Ne5 10. Bb2 Nd3 11. Rb1 Nxb2 12. Rxb2 0-0 13. d4 Ne4 14. Nxe4 fxe4 15. Nf4 Bf5 16. b4 a6 17. Rc2 Qd7 18. a3 Bg4 19. Qd2 Bg5 20. h3 Bf5 21. Rfc1 Rf7 22. a4 0-1

[Event "Niedersachsen-ch U10"]
[Site "Rotenburg/Wuemme"]
[Date "2006.04.11"]
[Round "5"]
[White "Pueschel, Torben"]
[Black "Hellwig, Immo"]
[Result "1/2-1/2"]
[WhiteElo "938"]
[BlackElo "926"]
[PlyCount "72"]
[EventDate "2006.04.08"]
[EventType "swiss"]
[EventRounds "11"]
[EventCountry "GER"]
[SourceTitle "EXT 2007"]
[Source "ChessBase"]
[SourceDate "2006.11.23"]
[SourceVersion "1"]
[SourceVersionDate "2006.11.23"]
[SourceQuality "1"]

1. d4 Nf6 2. Nf3 d5 3. c4 c6 4. Bg5 Bf5 5. Bxf6 exf6 6. Nc3 Bb4 7. Qb3 Bxc3+ 8. bxc3 dxc4 9. Qxb7 Nd7 10. Qxc6 Rb8 11. e4 Bg6 12. Bxc4 0-0 13. Bb5 Nb6 14. e5 Rc8 15. Qd6 Rxc3 16. Qxd8 Rxd8 17. exf6 gxf6 18. 0-0 Bh5 19. Nd2 Rxd4 20. Nb3 Rd5 21. Be8 Rc8 22. Rfe1 Kf8 23. Bxf7 Kxf7 24. Rac1 Rxc1 25. Rxc1 Ke6 26. Re1+ Re5 27. Nd4+ Kd5 28. Rxe5+ Kxe5 29. Nc6+ Ke4 30. Nxa7 Na4 31. f3+ Ke5 32. Nc6+ Kd5 33. Ne7+ Ke6 34. Nc6 Be8 35. Nd4+ Kd5 36. Nb3 Nb6 1/2-1/2

[Event "Niedersachsen-chT U10"]
[Site "Rotenburg"]
[Date "2005.06.04"]
[Round "2.1"]
[White "Thielen, Laurens"]
[Black "Hellwig, Immo"]
[Result "0-1"]
[WhiteElo "821"]
[BlackElo "1060"]
[PlyCount "56"]
[EventDate "2005.06.04"]
[EventType "team"]
[EventRounds "5"]
[EventCountry "GER"]
[SourceTitle "EXT 2007"]
[Source "ChessBase"]
[SourceDate "2006.11.23"]
[SourceVersion "1"]
[SourceVersionDate "2006.11.23"]
[SourceQuality "1"]

1. e4 d5 2. Nc3 d4 3. Nd5 e6 4. Nf4 Nc6 5. Nf3 Bd6 6. e5 Nxe5 7. Nxe5 Bxe5 8. d3 Qd6 9. Qf3 Nf6 10. Be2 0-0 11. 0-0 Bd7 12. Bd2 Bc6 13. Qg3 Nd5 14. c4 Bxf4 15. Bxf4 Nxf4 16. c5 Nxe2+ 17. Kh1 Nxg3+ 18. fxg3 Qd5 19. Rf3 g5 20. g4 f5 21. Rg3 fxg4 22. Rxg4 Rf2 23. Rg1 Raf8 24. h4 h6 25. hxg5 hxg5 26. Re4 Kf7 27. Rg4 Rh8+ 28. Rh4 Rxh4# 0-1